AC motors for high-performance applications : Analysis and control /

Gespeichert in:
Bibliographische Detailangaben
1. Verfasser: Yamamura, Sakae (Verfasst von)
Format: Buch
Sprache:Englisch
Veröffentlicht: New York : Marcel Dekker, 1986
Schlagworte:
Tags: Tag hinzufügen
Keine Tags, Fügen Sie das erste Tag hinzu!

MARC

LEADER 00000nam a22000003a 4500
001 stu7984
005 20150617225806.2
008 950711s1986----xxu-----------------eng-d
020 |a 0-8247-7492-2 
040 |a STU  |b slo 
041 0 |a eng 
044 |a xxu 
080 |a 621.313.3 
080 |a 62-83  |7 stu_us_auth*stu6971 
084 |a B8310  |2 INS 
084 |a C3260B  |2 INS 
100 1 |a Yamamura, Sakae  |4 aut 
245 1 |a AC motors for high-performance applications :  |b Analysis and control /  |c [aut.] Yamamura,Sakae 
260 |a New York :  |b Marcel Dekker,  |c 1986 
300 |a 215 s 
650 7 |a elektrické stroje  |2 stusub 
650 7 |a striedavé stroje  |2 stusub 
650 7 |a elektrické pohony  |2 stusub 
650 7 |a indukčné motory  |2 stusub 
996 |b E79978  |c E*79978  |l EE09  |s P  |a 0  |w stu7984_0001